000 00958nam a2200289Ia 4500
003 OSt
005 20221006160357.0
006 a|||||r|||| 00| 0
007 ta
008 221006b |||||||| |||| 00| 0 eng d
020 _a9781403938145
_c9845.00
024 _a45,089
037 _bGift, Japan Foundation
_cTextual
040 _aEASL
_cEASL
_beng
041 _2eng
_aeng
082 _aX.4.P00, P4
100 _aJeong Seung-Il
_9673120
245 0 _aCrisis and restructuring in East Asia
_b The case of the Korean Chaebol and the automotive industry
260 _aNew York
_bPalgrave Macmillan
_c2004
300 _a310p.
_ccm.
490 _v Oth
650 _a Financial crises - East Asia - case studies
_9673121
650 _a Gen
650 _aEast Asia - economic policy - economic conditions - case studies
_9673122
942 _hX.4.P00, P4
_cTEXL
_2CC
999 _c1113181
_d1113181